Sử dụng kỹ thuật đặt câu hỏi, kỹ thuật khăn phủ bàn và kỹ thuật mảnh ghép trong môn Địa lý lớp 10 ban cơ bản ở trường THPT

שמור ב:
מידע ביבליוגרפי
מחבר ראשי: Biện Thị Thu H
מחברים אחרים: Đậu Thị Hòa PGS.TS (Hướng dẫn)
פורמט: ספר
יצא לאור: Đà Nẵng Đại học Sư phạm, Đại học Đà Nẵng 2012
נושאים:
תגים: הוספת תג
אין תגיות, היה/י הראשונ/ה לתייג את הרשומה!
Thư viện lưu trữ: Mạng thư viện Đại học Đà Nẵng
LEADER 01568nam a2200325 4500
001 000017130
003 13542
005 20130509130541.0
008 130313s2012 sd
082 |a 910.712  |b BI-H 
100 1 |a Biện Thị Thu Hà 
245 |a Sử dụng kỹ thuật đặt câu hỏi, kỹ thuật khăn phủ bàn và kỹ thuật mảnh ghép trong môn Địa lý lớp 10 ban cơ bản ở trường THPT  |c Biện Thị Thu Hà ; Đậu Thị Hòa hướng dẫn  |k Khóa luận tốt nghiệp 
260 |a Đà Nẵng  |b Đại học Sư phạm, Đại học Đà Nẵng  |c 2012 
300 |a 75 tr., phụ lục 5 tr.  |b Bản đồ, hình ảnh mh.  |c 29 cm. 
500 |a Khóa luận tốt nghiệp đại học. Chuyên ngành: Sư phạm Địa Lý 
504 |a Mục lục đầu trang, tài liệu tham khảo tr. 73 - 74, phụ lục [13 tr.] 
600 1 4 |b Vua  |c Đinh Tiên Hoàng 
650 0 4 |a Giáo dục THPT  |v Khóa luận tốt nghiệp  |x Kỹ năng 
653 |a Khoa Địa Lý  |a Giáo dục THPT 
700 |a Đậu Thị Hòa  |c PGS.TS  |e Hướng dẫn 
OWN |a LSP 
AVA |a UDN50  |b LSP  |d 910.712 BI-H  |e available  |t Error 5001 Not defined in file expand_doc_bib_avail.  |f 1  |g 0  |h N  |i 0  |k 1 
999 |a From the UDN01 
AVA |a UDN50  |b LSP  |d 910.712 BI-H  |e available  |t Error 5001 Not defined in file expand_doc_bib_avail.  |f 1  |g 0  |h N  |i 0  |k 1 
TYP |a Monograph 
TYP |a Printed language 
980 |a Mạng thư viện Đại học Đà Nẵng